Statistiken für Weihnachtsklassiker

Klicken Sie hier um das Quiz zu spielen!

Allgemein

  • Dieses Quiz wurde 648 mal gespielt
  • Das Durchschnittsergebnis liegt bei 7 aus 16

Antwortstatistiken

Antwort% Korrekt
Kevin - Allein zu Haus
98%
Der Grinch
95%
Sissi
68%
Charlie und die Schokoladenfabrik
64%
Der Polarexpress
51%
Drei Haselnüsse für Aschenbrödel
51%
Der kleine Lord
46%
Rudolph mit der roten Nase
44%
Nightmare before Christmas
39%
Stirb Langsam
37%
Tatsächlich Liebe
22%
Buddy - Der Weihnachtself
14%
Schöne Bescherung
14%
Die Geister, die ich rief
13%
Liebe kennt keine Ferien
1%
Weiße Weihnachten
1%

Verteilung der Resultate

Perzentil nach korrekt beantworteten Fragen

Anzahl Personen mit jedem Resultat

Ihre Resultats-Entwicklung

Sie haben dieses Quiz noch nicht gespielt